<?xml version="1.0" encoding="UTF-8"?>
<record
    xmlns:xsi="http://www.w3.org/2001/XMLSchema-instance"
    xsi:schemaLocation="http://www.loc.gov/MARC21/slim http://www.loc.gov/standards/marcxml/schema/MARC21slim.xsd"
    xmlns="http://www.loc.gov/MARC21/slim">

  <leader>01162nam a22002657a 4500</leader>
  <controlfield tag="008">160603b        xxu||||| |||| 00| 0 eng d</controlfield>
  <datafield tag="082" ind1="0" ind2="4">
    <subfield code="a">701.18</subfield>
    <subfield code="b">B576r</subfield>
  </datafield>
  <datafield tag="100" ind1="1" ind2=" ">
    <subfield code="a">Minia Biabiany, Madeline Jimenez, Ulrik Lopez. </subfield>
    <subfield code="9">5131</subfield>
  </datafield>
  <datafield tag="110" ind1="1" ind2=" ">
    <subfield code="a">Cooperativa Cr&#xE1;ter Invertido (Editorial cr&#xE1;neo invertido)</subfield>
    <subfield code="9">5132</subfield>
  </datafield>
  <datafield tag="245" ind1=" " ind2=" ">
    <subfield code="a">"Semillero Caribe" :</subfield>
    <subfield code="b">Programa de Seminarios en el Presente por Cr&#xE1;ter Invertido /</subfield>
    <subfield code="c">Minia Biabiany, Madeline Jimenez y Ulrik Lopez. </subfield>
  </datafield>
  <datafield tag="250" ind1=" " ind2=" ">
    <subfield code="a">1a ed,</subfield>
  </datafield>
  <datafield tag="260" ind1=" " ind2=" ">
    <subfield code="a">M&#xE9;xico :</subfield>
    <subfield code="b">Cooperativa Cr&#xE1;ter Invertido (Editorial cr&#xE1;neo invertido)</subfield>
    <subfield code="c">2016.</subfield>
  </datafield>
  <datafield tag="300" ind1=" " ind2=" ">
    <subfield code="a">4 v.</subfield>
    <subfield code="b">col.</subfield>
  </datafield>
  <datafield tag="440" ind1=" " ind2=" ">
    <subfield code="a">Semillero Caribe</subfield>
    <subfield code="v">4</subfield>
    <subfield code="9">5468</subfield>
  </datafield>
  <datafield tag="505" ind1=" " ind2=" ">
    <subfield code="t">Volumen I: La relaci&#xF3;n.</subfield>
    <subfield code="t">Volumen II: Cuerpo/oralidad.</subfield>
    <subfield code="t">Volumen III: Colonialismo interiorizado.</subfield>
    <subfield code="t">Volumen IV: Territorio.</subfield>
  </datafield>
  <datafield tag="650" ind1=" " ind2=" ">
    <subfield code="a">Cooperativa Cr&#xE1;ter Invertido (Editorial cr&#xE1;neo invertido)</subfield>
    <subfield code="9">5133</subfield>
  </datafield>
  <datafield tag="653" ind1="1" ind2="0">
    <subfield code="a">Critica e interpretaci&#xF3;n</subfield>
  </datafield>
  <datafield tag="653" ind1="1" ind2="0">
    <subfield code="a">Arts Collaboratory</subfield>
  </datafield>
  <datafield tag="653" ind1="1" ind2="0">
    <subfield code="a">Arte - Filosof&#xED;a</subfield>
  </datafield>
  <datafield tag="653" ind1="1" ind2="0">
    <subfield code="a">Experimentaci&#xF3;n art&#xED;stica</subfield>
  </datafield>
  <datafield tag="700" ind1="1" ind2=" ">
    <subfield code="a">Minia Biabiany,</subfield>
    <subfield code="9">5134</subfield>
  </datafield>
  <datafield tag="700" ind1="1" ind2=" ">
    <subfield code="a">Madeline Jimenez</subfield>
    <subfield code="9">5135</subfield>
  </datafield>
  <datafield tag="700" ind1="1" ind2=" ">
    <subfield code="a">Ulrik Lopez. </subfield>
    <subfield code="9">5136</subfield>
  </datafield>
  <datafield tag="710" ind1="1" ind2=" ">
    <subfield code="a">Cooperativa Cr&#xE1;ter Invertido</subfield>
    <subfield code="9">5137</subfield>
  </datafield>
  <datafield tag="999" ind1=" " ind2=" ">
    <subfield code="c">936</subfield>
    <subfield code="d">936</subfield>
  </datafield>
  <datafield tag="952" ind1=" " ind2=" ">
    <subfield code="0">0</subfield>
    <subfield code="1">0</subfield>
    <subfield code="2">ddc</subfield>
    <subfield code="4">0</subfield>
    <subfield code="7">0</subfield>
    <subfield code="a">LV</subfield>
    <subfield code="b">LV</subfield>
    <subfield code="c">Pensamiento</subfield>
    <subfield code="d">2016-06-03</subfield>
    <subfield code="l">0</subfield>
    <subfield code="o">701.18 B576r</subfield>
    <subfield code="p">004164</subfield>
    <subfield code="r">2016-06-03 00:00:00</subfield>
    <subfield code="w">2016-06-03</subfield>
    <subfield code="y">01</subfield>
    <subfield code="z">V. 2</subfield>
  </datafield>
  <datafield tag="952" ind1=" " ind2=" ">
    <subfield code="0">0</subfield>
    <subfield code="1">0</subfield>
    <subfield code="2">ddc</subfield>
    <subfield code="4">0</subfield>
    <subfield code="7">0</subfield>
    <subfield code="a">LV</subfield>
    <subfield code="b">LV</subfield>
    <subfield code="c">Pensamiento</subfield>
    <subfield code="d">2016-08-24</subfield>
    <subfield code="l">0</subfield>
    <subfield code="o">701.18 B576r</subfield>
    <subfield code="p">004159</subfield>
    <subfield code="r">2016-08-24 00:00:00</subfield>
    <subfield code="w">2016-08-24</subfield>
    <subfield code="y">01</subfield>
    <subfield code="z">V. 3</subfield>
  </datafield>
  <datafield tag="952" ind1=" " ind2=" ">
    <subfield code="0">0</subfield>
    <subfield code="1">0</subfield>
    <subfield code="2">ddc</subfield>
    <subfield code="4">0</subfield>
    <subfield code="7">0</subfield>
    <subfield code="a">LV</subfield>
    <subfield code="b">LV</subfield>
    <subfield code="c">Pensamiento</subfield>
    <subfield code="d">2016-08-24</subfield>
    <subfield code="l">0</subfield>
    <subfield code="o">701.18 B576r</subfield>
    <subfield code="p">004161</subfield>
    <subfield code="r">2016-08-24 00:00:00</subfield>
    <subfield code="w">2016-08-24</subfield>
    <subfield code="y">01</subfield>
    <subfield code="z">V. 1</subfield>
  </datafield>
  <datafield tag="952" ind1=" " ind2=" ">
    <subfield code="0">0</subfield>
    <subfield code="1">0</subfield>
    <subfield code="2">ddc</subfield>
    <subfield code="4">0</subfield>
    <subfield code="7">0</subfield>
    <subfield code="a">LV</subfield>
    <subfield code="b">LV</subfield>
    <subfield code="c">Pensamiento</subfield>
    <subfield code="d">2016-08-24</subfield>
    <subfield code="l">0</subfield>
    <subfield code="o">701.18 B576r</subfield>
    <subfield code="p">004160</subfield>
    <subfield code="r">2016-08-24 00:00:00</subfield>
    <subfield code="w">2016-08-24</subfield>
    <subfield code="y">01</subfield>
    <subfield code="z">V. 4</subfield>
  </datafield>
</record>
